V Slovenskom raji platia nové pravidlá

Bibliographic Details
Format: Article
Language:Slovak
Subjects:

MARC

LEADER 00000nab a2200000 a 4500
001 vtls008772910
003 SK-MaSNL
005 20260303062515.0
008 060613c20060522xo ur| 0 0slo
038 |a RVGKPD 
040 |a RVGKPD  |b slo  |c RVGKPD  |e AACR2 
041 |a slo 
044 |a xo  |c SK 
080 |a 796.5  |2 1997 
245 0 0 |a V Slovenskom raji platia nové pravidlá  |c [autor] (ič) 
650 0 7 |a návštevný poriadok  |2 rvgkpd  |9 1058366 
651 7 |a Slovenský raj (Slovensko : pohorie)  |2 rvgkpd  |9 65478 
773 0 |t Pravda  |g Roč. XVI, č. 116 (22.5.2006), s. 4  |x 1335-4051 
852 |a RVGKPD  |b KIS3G 
992 |a RBX 
999 |c 1739430  |d 1741360